| 000 | 00553nam a2200205Ia 4500 | ||
|---|---|---|---|
| 003 | OSt | ||
| 005 | 20230426153128.0 | ||
| 008 | 210423s2010 xx 000 0 und d | ||
| 020 | _a9789380902098 | ||
| 040 | _cAL | ||
| 041 | _aeng | ||
| 082 |
_a418.0071 _223 _bSINR |
||
| 100 |
_aSINGH (R P). _993001 |
||
| 245 | _aEnglish language teaching: skills and techniques. | ||
| 260 |
_aJaipur _bAadi Publications _c2010 |
||
| 300 |
_a318 _bPB |
||
| 365 |
_b895 _cINR |
||
| 906 | _aEnglish ; language ; skills ; teaching: ; techniques. | ||
| 942 |
_2ddc _cBK |
||
| 999 |
_c161048 _d161048 |
||